Southville International School and Colleges
Your cart is empty.
  • Cart
  • Lists
    Public lists Eva Luna New books Lux_list list_1
    Your lists Log in to create your own lists
  • Log in to your account
  • Your cookies
  • Search history
Southville International School and Colleges
  • Advanced search
  • Recent comments
  • Most popular
  • Libraries

Log in to your account

Log in with GOOGLE


If you do not have an external account, but do have a local account, you can still log in:

  1. Home
  2. MARC view: Essentials of understanding psychology /
Normal view MARC view ISBD view

Essentials of understanding psychology / (Record no. 22329)

[ view plain ]
MARC details
000 -LEADER
fixed length control field 00982nam a2200217 a 4500
003 - CONTROL NUMBER IDENTIFIER
control field PILC
005 - DATE AND TIME OF LATEST TRANSACTION
control field 20160202105314.0
008 - FIXED-LENGTH DATA ELEMENTS--GENERAL INFORMATION
fixed length control field 121114s19uu xx 00 eng d
020 ## - INTERNATIONAL STANDARD BOOK NUMBER
International Standard Book Number 97800712214841
050 ## - LIBRARY OF CONGRESS CALL NUMBER
Classification number BF 121
Item number .F34 2011
100 ## - MAIN ENTRY--PERSONAL NAME
Personal name Feldman, Robert S.
245 ## - TITLE STATEMENT
Title Essentials of understanding psychology /
Statement of responsibility, etc Robert S. Feldman.
250 ## - EDITION STATEMENT
Edition statement 9th edition.
260 ## - PUBLICATION, DISTRIBUTION, ETC. (IMPRINT)
Place of publication, distribution, etc Boston, MA :
Name of publisher, distributor, etc McGraw-Hill,
Date of publication, distribution, etc 2011.
300 ## - PHYSICAL DESCRIPTION
Extent lii, 555 pages :
Other physical details color illustrations ;
Dimensions 26 cm.
500 ## - GENERAL NOTE
General note Includes glossary, bibliographical references and index
520 ## - SUMMARY, ETC.
Summary, etc Your students are individuals. Do your teaching materials treat them that way? This title presents an adaptive diagnostic tool that generates a personalized study plan to help students 'know what they know' while guiding them to understand and learn what they don't know through engaging interactivities, exercises, and readings
650 ## - SUBJECT ADDED ENTRY--TOPICAL TERM
Topical term or geographic name as entry element Psychology
General subdivision Textbooks.
942 ## - ADDED ENTRY ELEMENTS (KOHA)
Koha item type Books
Source of classification or shelving scheme Library of Congress Classification
Call number prefix Foreign
Holdings
Withdrawn status Lost status Source of classification or shelving scheme Damaged status Home library Current library Shelving location Date acquired Source of acquisition Cost, normal purchase price Total Checkouts Total Renewals Full call number Barcode Date last seen Date checked out Copy number Price effective from Koha item type
    Library of Congress Classification   College Library College Library General Circulation Section 11/14/2012 Donation 3036.00 3 13 BF 121 .F34 2011 C16253 03/11/2019 01/25/2019 1 10/10/2013 Books

Essentials of understanding psychology /

APA

Feldman R. S., . (2011). Essentials of understanding psychology. Boston, MA: McGraw-Hill.

Chicago

Feldman Robert S, . 2011. Essentials of understanding psychology. Boston, MA: McGraw-Hill.

Harvard

Feldman R. S., . (2011). Essentials of understanding psychology. Boston, MA: McGraw-Hill.

MLA

Feldman Robert S, . Essentials of understanding psychology. Boston, MA: McGraw-Hill. 2011.

  • Place hold
  • Print
  • Cite
  • Add to your cart (remove)
  • Save record
    BIBTEX Dublin Core MARCXML MARC (non-Unicode/MARC-8) MARC (Unicode/UTF-8) MARC (Unicode/UTF-8, Standard) MODS (XML) RIS
  • More searches
    Search for this title in:
    Other Libraries (WorldCat) Other Databases (Google Scholar) Online Stores (Bookfinder.com) Open Library (openlibrary.org)

Exporting to Dublin Core...

SOUTHVILLE LIBRARY

Southville International School and Colleges Library

1281 Tropical Ave. Cor. Luxembourg St., BF Homes International, Las Pinas City

Tel. No. 8256374 / 252358 Loc. 117/146

Powered by Koha